Statistics for Highest Goalscorers in the Champions League From Croatia

Click here to take the quiz!

General Stats

  • This quiz has been taken 24 times
  • The average score is 11 of 21

Answer Stats

#GoalsApps.YearsMain Team(s)Answer% Correct
691252010-'11, 2012-Real Madrid, Tottenham HotspurLuka Modrić
100%
121602012-2019Juventus, Bayern MünchenMario Mandžukić
100%
410972007-'08, 2010-'11, 2014-'24Barcelona, Sevilla FCIvan Rakitic
96%
215712011-'13, 2015-'18, 2019-Chelsea FC, Real MadridMateo Kovačić
87%
205482011-'13, 2018-'23Inter Milan, Borussia DortmundIvan Perišić
83%
97181997-2000Real Madrid, ArsenalDavor Šuker
78%
310262004-'05, 2006-'07, 2009-'12Bayern München, CSKA MoscowIvica Olić
74%
14562018-20191899 HoffenheimAndrej Kramarić
65%
116122019-'20, 2022-'23Dinamo ZagrebMislav Oršić
52%
59212000-'01, 2003-'04, 2005-'06AS Monaco, RangersDado Pršo
48%
78312007-'14, 2015-'16Shakhtar Donetsk, ArsenalEduardo da Silva
48%
211261992-'93, 1996-'97, 1999-'00Lazio, Olympique MarseilleAlen Bokšić
43%
175172004-2007Werder BremenIvan Klasnić
43%
175171988-'89, 1990-'91, 1998-'00Crvena Zvezda, Dinamo ZagrebRobert Prosinečki
43%
155101982-'84, 1987-'89Rapid Vienna, Dinamo ZagrebZlatko Kranjčar
39%
195181971-'72, 1974-'76, 1979-'80Hajduk Split, Hamburger SVIvan Buljan
22%
106111971-'72, 1974-'76, 1981-'82Hajduk Split, FC ZürichJure Jerković
13%
136162001-'03, 2004-'05Bayer LeverkusenMarko Babić
13%
126141974-'76, 1979-'80Hajduk SplitIvo Šurjak
9%
8781982-'83, 1986-'87Crvena Zvezda, Dinamo ZagrebBoro Cvetković
4%
165111980-'82, 1984-'85Crvena ZvezdaRajko Janjanin
4%

Score Distribution

Percentile by Number Answered

Percent of People with Each Score

Your Score History

You have not taken this quiz